00426nam a2200121Ia 4500008004100000245016500041260001700206260000900223300000800232650002300240650001200263856002900275170516s9999 xx 000 0 und d aIntravascular Photoacoustics for Image-Guidance and Temperature Monitoring During Plasmonic Photothermal Therapy of Atherosclerotic Plaques: A Feasibility Study bTheranostics c2014 a4:1 xMedical Technology xMedtech uhttp://www.thno.org/v4i1